000 00567nam a22001697a 4500
008 160503b xxu||||| |||| 00| 0 eng d
020 _a9712345114
082 _22006
_aDFil 796.06
_bJ56
100 _97372
_aJimena, Edgar C.
245 _aTextbook in physical education 4 for college ball sports and fitness/
_cEdgar C. Jimena
260 _aManila:
_bRex Book Store,
_cc2006.
300 _avii, 183 pages:
_billustrations;
_c25.5 cm.
500 _aInclude index
650 0 _97371
_aPhysical education
_xStudy and teaching
365 _b495.00
_cPhp.
942 _2ddc
_cDFIL
999 _c2251
_d2251